|
|
|
|
| LEADER |
01039nam a22002777a 4500 |
| 001 |
35306 |
| 003 |
BD-DhAAL |
| 005 |
20211129123633.0 |
| 008 |
190908r19881968enka|||| b||| 001 0 eng d |
| 999 |
|
|
|c 41152
|d 41152
|
| 020 |
|
|
|a 0521658209
|
| 020 |
|
|
|a 9780521658201
|
| 040 |
|
|
|a BD-DhAAL
|
| 082 |
|
|
|a 530.15
|
| 100 |
|
|
|a Squires, Gordon Leslie
|9 34199
|
| 245 |
|
|
|a Practical physics /
|c G. L. Squires
|
| 250 |
|
|
|a Third Edition
|
| 260 |
|
|
|a Cambridge :
|b Cambridge University Press,
|c 1968 [reprinted 1988]
|
| 300 |
|
|
|a x, 213 pages :
|b illustrations ;
|c 21 cm.
|
| 504 |
|
|
|a Includes bibliographical references and index.
|
| 526 |
|
|
|a BIED
|
| 541 |
|
|
|a Complimentary copy from BIED
|e 35306
|
| 650 |
|
|
|a Mathematical physics.
|9 34200
|
| 852 |
|
|
|a Ayesha Abed Library
|c General Stacks
|
| 942 |
|
|
|2 ddc
|c BK
|
| 952 |
|
|
|0 0
|1 0
|2 ddc
|4 0
|6 530_150000000000000_AQU
|7 0
|9 66182
|a BRACUL
|b BRACUL
|c GEN
|d 2019-09-08
|e Complimentary copy from BIED
|l 1
|o 530.15 AQU
|p 3010035306
|r 2023-10-15
|s 2023-10-10
|t 1
|w 2019-09-08
|y BK
|x Transferred from BIED to General Stacks
|